Estatísticas para Capitais do mundo mais perto de Kiev

Clique aqui para jogar o quiz

Estatísticas Gerais

  • Esse quiz foi jogado 48 vezes
  • A pontuação média é 13 de 20

Estatísticas das Respostas

kmcapital% Correto
758Moscovo
100%
691Varsóvia
85%
746Bucareste
78%
436Minsk
78%
898Budapeste
76%
1023Sofia
71%
1194Zagreb
71%
1172Sarajevo
68%
1055Viena
66%
591Vilnius
66%
1007Bratislava
63%
837Riga
63%
980Belgrado
61%
400Chișinău
59%
1144Praga
59%
1186Ancara
54%
1168Escópia
54%
1137Helsínquia
46%
1124Pristina
41%
1066Tallinn
32%

Distribuição das Pontuações

Percentil de Números Respondidos

Porcentagem de Pessoas com Cada Pontuação

Sua Pontuação Histórica

Você não jogou esse quiz